Statistiken für Spotify Jahresrückblick 2022

Klicken Sie hier um das Quiz zu spielen!

Allgemein

  • Dieses Quiz wurde 418 mal gespielt
  • Das Durchschnittsergebnis liegt bei 4 aus 20

Antwortstatistiken

% Korrekt
Top 5 Künstler: weltweitDrake
59%
Top 5 Künstler: weltweitTaylor Swift
50%
Top 5 Künstler: DeutschlandEd Sheeran
46%
Top 5 Künstler: weltweitThe Weeknd
39%
Top 5 Künstler: DeutschlandLuciano
31%
Top 5 Künstler: weltweitBad Bunny
22%
Top 5 Künstler: DeutschlandBonez MC
21%
Top 5 Künstler: DeutschlandRAF Camora
19%
Top 5 Songs: weltweitAs It Was
18%
Top 5 Songs: DeutschlandAs It Was
18%
Top 5 Songs: DeutschlandBeautiful Girl
16%
Top 5 Künstler: DeutschlandCRO
16%
Top 5 Songs: DeutschlandLayla
16%
Top 5 Künstler: weltweitBTS
14%
Top 5 Songs: weltweitSTAY (with Justin Bieber)
10%
Top 5 Songs: DeutschlandSehnsucht
9%
Top 5 Songs: weltweitHeat Waves
8%
Top 5 Songs: DeutschlandHeat Waves
8%
Top 5 Songs: weltweitMe Porto Bonito
1%
Top 5 Songs: weltweitTití Me Preguntó
1%

Verteilung der Resultate

Perzentil nach korrekt beantworteten Fragen

Anzahl Personen mit jedem Resultat

Ihre Resultats-Entwicklung

Sie haben dieses Quiz noch nicht gespielt